[Event "FRA-ch Blitz Online Qual"]
[Site "Europe Echecs INT"]
[Date "2020.05.16"]
[Round "15"]
[White "Duquesne, Adrien"]
[Black "Joie, Sebastien"]
[Result "0-1"]
[WhiteElo "2147"]
[BlackElo "2393"]
[PlyCount "54"]
[EventDate "2020.05.16"]
[EventType "swiss (blitz)"]
[EventRounds "15"]
[EventCountry "FRA"]
[SourceTitle "CBM 196 Extra"]
[Source "ChessBase"]
[SourceDate "2020.07.31"]
[SourceVersion "1"]
[SourceVersionDate "2020.07.31"]
[SourceQuality "1"]

1. d4 d5 2. c4 c6 3. Nc3 Nf6 4. Nf3 dxc4 5. a4 e6 6. e3 c5 7. Bxc4 Nc6 8. 0-0 cxd4 9. exd4 Be7 10. Qe2 0-0 11. Rd1 Nb4 12. Bf4 Bd7 13. Ne5 Bc6 14. Nxc6 bxc6 15. Rac1 a5 16. Ne4 Nfd5 17. Bg3 Qb6 18. Nc5 Rad8 19. h4 Bf6 20. Bxd5 Rxd5 21. Rc4 Rfd8 22. Rdc1 Rxd4 23. Ne4 Be7 24. h5 h6 25. Be5 Rxc4 26. Qxc4 Nd3 27. Rf1 Nxe5 0-1

[Event "FRA-ch Blitz Online Qual"]
[Site "Europe Echecs INT"]
[Date "2020.05.16"]
[Round "5"]
[White "Koelsch, Gilbert"]
[Black "Duquesne, Adrien"]
[Result "0-1"]
[WhiteElo "2159"]
[BlackElo "2147"]
[PlyCount "48"]
[EventDate "2020.05.16"]
[EventType "swiss (blitz)"]
[EventRounds "15"]
[EventCountry "FRA"]
[SourceTitle "CBM 196 Extra"]
[Source "ChessBase"]
[SourceDate "2020.07.31"]
[SourceVersion "1"]
[SourceVersionDate "2020.07.31"]
[SourceQuality "1"]

1. e4 c5 2. Nc3 e6 3. f4 Nc6 4. Nf3 g6 5. d4 cxd4 6. Nxd4 a6 7. Be3 Bg7 8. Qd2 Nge7 9. Be2 0-0 10. 0-0 d5 11. Rad1 dxe4 12. Nxe4 Qc7 13. Nc3 Rd8 14. Nxc6 Rxd2 15. Nxe7+ Qxe7 16. Rxd2 Bd7 17. Rfd1 Bc6 18. Bb6 Qb4 19. Bc7 Qc5+ 20. Kh1 Bxg2+ 21. Kxg2 Qxc7 22. Ne4 Bxb2 23. Bf3 Kg7 24. Rd7 Qxf4 0-1

[Event "FRA-chT Top 12"]
[Site "Brest"]
[Date "2018.06.05"]
[Round "11"]
[White "Duquesne, Adrien"]
[Black "Maisuradze, Nino"]
[Result "0-1"]
[WhiteElo "2188"]
[BlackElo "2172"]
[PlyCount "144"]
[EventDate "2018.05.26"]
[EventType "team-tourn"]
[EventRounds "11"]
[EventCountry "FRA"]
[SourceTitle "EXT 2019"]
[Source "ChessBase"]
[SourceDate "2018.10.10"]
[SourceVersion "1"]
[SourceVersionDate "2018.10.10"]
[SourceQuality "1"]
[WhiteTeam "Evry Grand Roque"]
[BlackTeam "Bischwiller"]
[WhiteTeamCountry "FRA"]
[BlackTeamCountry "FRA"]

1. d4 d5 2. c4 e6 3. Nc3 Be7 4. Nf3 Nf6 5. cxd5 exd5 6. Bg5 c6 7. Qc2 0-0 8. e3 Nbd7 9. Bd3 Re8 10. 0-0 Nf8 11. Rab1 g6 12. b4 Ne6 13. Bh4 a6 14. a4 Ng7 15. b5 axb5 16. axb5 Bf5 17. bxc6 bxc6 18. Ne5 Rc8 19. Na4 Bxd3 20. Nxd3 Nf5 21. Bxf6 Bxf6 22. Rb6 Ra8 23. Rfb1 Ne7 24. Nac5 Ra3 25. h3 Ra7 26. Qd1 Bg7 27. Qg4 h5 28. Qf4 Qc7 29. Qxc7 Rxc7 30. Na6 Ra7 31. Nb8 Rc8 32. Rc1 Rac7 33. Nb4 Bf8 34. N4a6 Ra7 35. Nxc6 Kg7 36. Nxa7 Rxc1+ 37. Kh2 Rc2 38. Kg1 Rc1+ 39. Kh2 Rc2 40. f3 Nf5 41. e4 dxe4 42. fxe4 Nxd4 43. Nb4 Bxb4 44. Rxb4 Nf3+ 45. Kg3 Ne1 46. Rb1 Rxg2+ 47. Kf4 Rg1 48. Rb7 Nd3+ 49. Ke3 Rg3+ 50. Kd4 Rxh3 51. Nb5 Nf4 52. Nd6 Ne6+ 53. Ke5 Rf3 54. Ne8+ Kh6 55. Nf6 Nd8 56. Rc7 Kg5 57. Nd5 h4 58. Rc8 Ne6 59. Rc1 h3 60. Rg1+ Kh4 61. Nf6 h2 62. Rh1 Kh3 63. Ng4 Kxg4 64. Rxh2 Ng5 65. Rg2+ Rg3 66. Re2 Nf3+ 67. Kf6 Nd4 68. Re1 Rf3+ 69. Ke5 Nc6+ 70. Kd6 Nb4 71. e5 Nd3 72. Rg1+ Kf5 0-1

[Event "Paris-ch 91st"]
[Site "Paris"]
[Date "2016.07.16"]
[Round "8"]
[White "Duquesne, Adrien"]
[Black "Kathmale, Sameer"]
[Result "1-0"]
[WhiteElo "2241"]
[BlackElo "2298"]
[PlyCount "107"]
[EventDate "2016.07.09"]
[EventType "swiss"]
[EventRounds "9"]
[EventCountry "FRA"]
[SourceTitle "CBM 173 Extra"]
[Source "ChessBase"]
[SourceDate "2016.08.29"]
[SourceVersion "1"]
[SourceVersionDate "2016.08.29"]
[SourceQuality "1"]

1. d4 Nf6 2. c4 b6 3. Nc3 Bb7 4. Qc2 d5 5. cxd5 Nxd5 6. e4 Nxc3 7. bxc3 e5 8. d5 Bc5 9. Nf3 0-0 10. Bd3 c6 11. c4 Na6 12. 0-0 Nb4 13. Qb3 a5 14. Re1 f6 15. Bf1 Qb8 16. a3 Na6 17. Be3 Qd6 18. Bxc5 Nxc5 19. Qxb6 Rfb8 20. Qb1 Ba6 21. Qc2 Nb3 22. Rab1 Qxa3 23. Re3 a4 24. Nd2 cxd5 25. Nxb3 axb3 26. Rexb3 Rxb3 27. Rxb3 Qc5 28. exd5 Rc8 29. Rc3 Bb7 30. Rh3 g6 31. Qa4 Rc7 32. Qe8+ Kg7 33. Rb3 Qd6 34. Qa4 Bc8 35. Qa3 Qd7 36. h3 e4 37. Rb6 Ra7 38. Qc3 Qf5 39. Qd4 Re7 40. Qc5 Kf7 41. Rb3 Bd7 42. Qd4 Qg5 43. Rb7 Bxh3 44. Rxe7+ Kxe7 45. Qxe4+ Kd8 46. d6 Bd7 47. Qe7+ Kc8 48. c5 Qc1 49. Qf8+ Kb7 50. Qd8 Bf5 51. Qc7+ Ka8 52. Qa5+ Kb7 53. Qa6+ Kb8 54. c6 1-0

[Event "FRA-chT Top 12"]
[Site "Drancy"]
[Date "2016.06.07"]
[Round "11.8"]
[White "Duquesne, Adrien"]
[Black "Maisuradze, Nino"]
[Result "1/2-1/2"]
[WhiteElo "2180"]
[BlackElo "2239"]
[PlyCount "89"]
[EventDate "2016.05.28"]
[EventType "team-tourn"]
[EventRounds "11"]
[EventCountry "FRA"]
[SourceTitle "CBM 172 Extra"]
[Source "ChessBase"]
[SourceDate "2016.06.21"]
[SourceVersion "1"]
[SourceVersionDate "2016.06.21"]
[SourceQuality "1"]
[WhiteTeam "Evry Grand Roque"]
[BlackTeam "Bischwiller"]
[WhiteTeamCountry "FRA"]
[BlackTeamCountry "FRA"]

1. d4 Nf6 2. c4 e6 3. Nc3 c5 4. d5 exd5 5. cxd5 d6 6. e4 g6 7. f4 Bg7 8. Bb5+ Nfd7 9. a4 0-0 10. Nf3 Na6 11. 0-0 Nb4 12. Re1 a6 13. Bf1 Re8 14. Bd2 Rb8 15. Qb3 Nf6 16. h3 Qb6 17. Bc4 Nd7 18. Kh1 Qd8 19. Rad1 Nb6 20. Bf1 Bd7 21. a5 Na8 22. e5 Bf5 23. Ne4 dxe5 24. Bxb4 cxb4 25. fxe5 Bxe5 26. Qxb4 Bg7 27. Ng3 Bd7 28. Rxe8+ Qxe8 29. Re1 Qd8 30. Ne5 b6 31. Nxd7 Qxd7 32. Re7 Qd8 33. Qf4 Qxe7 34. Qxb8+ Qf8 35. Qb7 bxa5 36. d6 f5 37. d7 Qd8 38. Bxa6 Nb6 39. Bb5 Bxb2 40. Qc6 Kg7 41. Ne2 Be5 42. Qe6 Bf6 43. Nf4 Qc7 44. Qe3 Qd6 45. Qe6 1/2-1/2

[Event "FRA-chT Top 12"]
[Site "Drancy"]
[Date "2016.06.05"]
[Round "9.7"]
[White "Letreguilly, Olivier"]
[Black "Duquesne, Adrien"]
[Result "1/2-1/2"]
[WhiteElo "2306"]
[BlackElo "2180"]
[PlyCount "43"]
[EventDate "2016.05.28"]
[EventType "team-tourn"]
[EventRounds "11"]
[EventCountry "FRA"]
[SourceTitle "CBM 172 Extra"]
[Source "ChessBase"]
[SourceDate "2016.06.21"]
[SourceVersion "1"]
[SourceVersionDate "2016.06.21"]
[SourceQuality "1"]
[WhiteTeam "Chalons en Champagne"]
[BlackTeam "Evry Grand Roque"]
[WhiteTeamCountry "FRA"]
[BlackTeamCountry "FRA"]

1. e4 c5 2. Nf3 d6 3. d4 cxd4 4. Nxd4 Nf6 5. Nc3 a6 6. Bg5 e6 7. f4 h6 8. Bh4 Qb6 9. Qd2 Qxb2 10. Nb3 Qa3 11. Bxf6 gxf6 12. Be2 h5 13. 0-0 Nc6 14. Kh1 Bd7 15. Rab1 Rc8 16. Rf3 b5 17. Rh3 h4 18. Rf1 Na5 19. Nb1 Nxb3 20. cxb3 Qc5 21. Rc3 Qb6 22. Rxc8+ 1/2-1/2